MARC

LEADER 00000nam0a2200000 4500
001 316104
005 20231102002837.0
035 |a (RuTPU)RU\TPU\book\341542 
090 |a 316104 
100 |a 20160315d1965 km y0rusy50 ca 
101 0 |a rus 
102 |a RU 
105 |a a z 001zy 
200 1 |a Поточное производство электрических приборов  |f И. М. Ткалин 
210 |a Москва  |a Ленинград  |c Энергия  |d 1965 
215 |a 344 с.  |c ил. 
320 |a Библиогр.: с. 342-344 
606 1 |a Электроприборостроение  |x Непрерывно-поточный метод  |2 stltpush  |3 (RuTPU)RU\TPU\subj\20680  |9 45768 
610 1 |a экономическая эффективность 
610 1 |a расчет 
610 1 |a проектирование 
610 1 |a процессы 
610 1 |a синхронизация 
610 1 |a изделия 
610 1 |a сборка 
610 1 |a обработка 
610 1 |a поточные линии 
610 1 |a механизация 
610 1 |a механизация 
610 1 |a транспортные операции 
675 |a 621.317.7.002  |v 4 
700 1 |a Ткалин  |b И. М.  |g Иван Михайлович 
801 1 |a RU  |b 63413507  |c 20160315 
801 2 |a RU  |b 63413507  |c 20171026  |g RCR 
942 |c BK